The Simpsons' Characters - 1 - Statistics

General Stats
  • This quiz has been taken 172 times
  • The average score is 18 of 20
Answer Stats
Picture Answer % Correct
Homer Simpson
100%
Bart Simpson
98%
Lisa Simpson
98%
Marge Simpson
98%
Maggie Simpson
97%
Apu Nahasapeemapetilon
95%
Montgomery Burns
95%
Ned Flanders
95%
Krusty
94%
Abraham Simpson
93%
Seymour Skinner
93%
Milhouse Van Houten
92%
Moe Szyslak
92%
Barney Gumble
84%
Clancy Wiggum
84%
Nelson Muntz
82%
Ralph Wiggum
81%
Waylon Smithers
80%
Edna Krabappel
73%
Doctor Hibbert
67%
No matching quizzes found
Score Distribution
Percent of People with Each Score
Percentile by Number Answered
Your Score History
You have not taken this quiz